000
00297nam a2200097Ia 4500
008
220204s9999 xx 000 0 und d
082
_a
685.6:382.6(540)
_b
SPO
245
0
_a
Overseas documentation requirements for sports goods exports from India
260
_a
New Delhi
_b
Sports Goods EPC
942
_c
BK
999
_c
22207
_d
22207